000 00906nam a22002537a 4500
999 _c65476
_d65476
005 20240530110826.0
008 190806s2018 ua a g b 000 0 ara d
017 _a22070/2017
_bمصر. دار الكتب
020 _a9789776543331
040 _aEG-CaGPL
_cEG-CaGPL
082 0 4 _221
_a101/
_bم ف
100 0 _aمصطفى النشار
245 1 2 _aالفلسفة التطبيقية :
_bوتطوير الدرس الفلسفى العربى /
_cمصطفى النشار
250 _aط.1
260 _aالقاهرة :
_bروابط للنشر وتقنية المعلومات،
_c2018
300 _a406 ص. :
_bايض. ؛
_c24 سم
504 _aيشتمل على ببليوجرافية
650 0 7 _2qrmak
_aالفلسفة
650 0 7 _aالتفكير
650 0 7 _aالفلسفة
_xطرق التدريس
651 _2qrmak
942 _2ddc
_cBK